000 00530nam a22001937a 4500
003 KOHA_MİRAKIL
005 20251116165348.0
008 251116b tu ||||| |||| 00| 0 tur d
020 _a9786052199183
040 _aTR-AnABB
_btur
_cTR-AnABB
041 _atur
082 _a813.42
_bGUV 2019
100 1 _aGüven, Burcu,
245 1 0 _aAlem-i misal rehberi /
_cBurcu Güven
260 _aİstanbul :
_bŞule Yayınları,
_c2019
300 _a143 sayfa ;
_c21 cm
650 0 4 _aTürk edebiyatı, roman
942 _2ddc
_cBK
999 _c9458
_d9458
900 _bGizem YORULMAZ